[Event "Sachsen-Anhalt Verbandsliga 2017/18"]
[Site "Sachsen Anhalt"]
[Date "2018.02.25"]
[Round "6.7"]
[White "Naumann, Frank"]
[Black "Schmidt, Thomas"]
[Result "1/2-1/2"]
[WhiteElo "2287"]
[BlackElo "1972"]
[PlyCount "49"]
[EventDate "2017.12.22"]
[EventType "team-tourn"]
[EventRounds "9"]
[EventCountry "GER"]
[SourceTitle "EXT 2020"]
[Source "ChessBase"]
[SourceDate "2019.10.17"]
[SourceVersion "1"]
[SourceVersionDate "2019.10.17"]
[SourceQuality "1"]
[WhiteTeam "Halle Einheit"]
[BlackTeam "Reideburg 90 Halle"]
[WhiteTeamCountry "GER"]
[BlackTeamCountry "GER"]

1. d4 f5 2. c4 e6 3. Nc3 Nf6 4. Nf3 d5 5. e3 Be7 6. Be2 0-0 7. 0-0 c6 8. b3 Qe8 9. cxd5 exd5 10. Ne5 Be6 11. Bb2 Ne4 12. f3 Nd6 13. Nd3 Nd7 14. Na4 Bf7 15. Nac5 Bf6 16. Nxd7 Qxd7 17. Ne5 Qe6 18. Bd3 g5 19. Qc2 h5 20. Rae1 Rac8 21. Nxf7 Rxf7 22. e4 dxe4 23. fxe4 fxe4 24. Bxe4 Nxe4 25. Rxe4 1/2-1/2

[Event "BL2-Nord 0506"]
[Site "Germany"]
[Date "2005.11.13"]
[Round "2.5"]
[White "Boetzer, Detlef"]
[Black "Naumann, Frank"]
[Result "1/2-1/2"]
[WhiteElo "2262"]
[BlackElo "2287"]
[PlyCount "35"]
[EventDate "2005.10.23"]
[EventType "team-tourn"]
[EventRounds "9"]
[EventCountry "GER"]
[SourceTitle "EXT 2007"]
[Source "ChessBase"]
[SourceDate "2006.11.23"]
[SourceVersion "1"]
[SourceVersionDate "2006.11.23"]
[SourceQuality "1"]
[WhiteTeam "Berlin Rotation"]
[BlackTeam "Werder Bremen II"]
[WhiteTeamCountry "GER"]
[BlackTeamCountry "GER"]

1. d4 d5 2. c4 dxc4 3. Nf3 Nf6 4. e3 e6 5. Bxc4 c5 6. 0-0 a6 7. a4 Nc6 8. Nc3 Qc7 9. Qe2 Bd6 10. dxc5 Bxc5 11. e4 Ng4 12. g3 0-0 13. Bf4 e5 14. Nd5 Qd6 15. Be3 Nxe3 16. Nxe3 Nd4 17. Nxd4 Bxd4 18. Nf5 1/2-1/2

[Event "BL2-Nord 0405"]
[Site "Germany"]
[Date "2005.03.13"]
[Round "8.6"]
[White "Naumann, Frank"]
[Black "Sprotte, Norbert"]
[Result "1-0"]
[WhiteElo "2305"]
[BlackElo "2244"]
[PlyCount "81"]
[EventDate "2004.10.24"]
[EventType "team-tourn"]
[EventRounds "9"]
[EventCountry "GER"]
[SourceTitle "EXT 2007"]
[Source "ChessBase"]
[SourceDate "2006.11.23"]
[SourceVersion "1"]
[SourceVersionDate "2006.11.23"]
[SourceQuality "1"]
[WhiteTeam "Werder Bremen II"]
[BlackTeam "Kreuzberg II"]
[WhiteTeamCountry "GER"]
[BlackTeamCountry "GER"]

1. d4 Nf6 2. Nf3 e6 3. c4 Bb4+ 4. Nbd2 0-0 5. a3 Bxd2+ 6. Bxd2 Ne4 7. g3 d6 8. Bg2 c5 9. dxc5 Nxd2 10. Nxd2 dxc5 11. 0-0 Qc7 12. Ne4 Rd8 13. Qc2 Nc6 14. e3 Ne5 15. f4 Ng6 16. Rad1 Bd7 17. Rd3 Bc6 18. Rfd1 Rxd3 19. Qxd3 h6 20. Qd6 Qxd6 21. Rxd6 Rc8 22. Nc3 Bxg2 23. Kxg2 Nf8 24. e4 f6 25. Kf3 Kf7 26. Nb5 Ra8 27. b4 a6 28. Nc3 cxb4 29. axb4 a5 30. bxa5 Rxa5 31. Ke3 Ra6 32. Rxa6 bxa6 33. Kd4 Ke7 34. Kc5 Nd7+ 35. Kc6 Nb8+ 36. Kc7 Nd7 37. Na4 g6 38. c5 e5 39. c6 Nf8 40. Nc5 exf4 41. gxf4 1-0

[Event "BL2-Nord 0405"]
[Site "Germany"]
[Date "2004.12.12"]
[Round "4.7"]
[White "Fjodorow, Peter"]
[Black "Naumann, Frank"]
[Result "1/2-1/2"]
[WhiteElo "2194"]
[BlackElo "2305"]
[PlyCount "37"]
[EventDate "2004.10.24"]
[EventType "team-tourn"]
[EventRounds "9"]
[EventCountry "GER"]
[SourceTitle "EXT 2007"]
[Source "ChessBase"]
[SourceDate "2006.11.23"]
[SourceVersion "1"]
[SourceVersionDate "2006.11.23"]
[SourceQuality "1"]
[WhiteTeam "Hamburg Koenigsspringer"]
[BlackTeam "Werder Bremen II"]
[WhiteTeamCountry "GER"]
[BlackTeamCountry "GER"]

1. e4 c5 2. Nf3 g6 3. c4 Nc6 4. d4 cxd4 5. Nxd4 Nf6 6. Nc3 Nxd4 7. Qxd4 d6 8. f3 Bg7 9. Be3 0-0 10. Qd2 Be6 11. Be2 Qa5 12. Nd5 Qxd2+ 13. Kxd2 Nxd5 14. exd5 Bd7 15. a4 Bxb2 16. Rab1 Bf6 17. Rxb7 Bxa4 18. Bxa7 Rfc8 19. Rhb1 1/2-1/2

[Event "BL2-Nord 0405"]
[Site "Germany"]
[Date "2004.11.14"]
[Round "2.6"]
[White "Naumann, Frank"]
[Black "Dimitrijeski, Boris"]
[Result "1-0"]
[WhiteElo "2305"]
[BlackElo "2197"]
[PlyCount "47"]
[EventDate "2004.10.24"]
[EventType "team-tourn"]
[EventRounds "9"]
[EventCountry "GER"]
[SourceTitle "EXT 2007"]
[Source "ChessBase"]
[SourceDate "2006.11.23"]
[SourceVersion "1"]
[SourceVersionDate "2006.11.23"]
[SourceQuality "1"]
[WhiteTeam "Werder Bremen II"]
[BlackTeam "Neukoelln II"]
[WhiteTeamCountry "GER"]
[BlackTeamCountry "GER"]

1. Nf3 d5 2. d4 Nf6 3. c4 c6 4. Nc3 a6 5. c5 Nbd7 6. Bf4 Nh5 7. e3 g6 8. Be2 Nxf4 9. exf4 Qc7 10. Qd2 Bh6 11. g3 f6 12. h4 e5 13. dxe5 fxe5 14. h5 Nxc5 15. hxg6 hxg6 16. Nxe5 Qxe5 17. Rxh6 Qg7 18. Rxh8+ Qxh8 19. 0-0-0 Qf6 20. Qe3+ Ne6 21. Na4 Kf7 22. Nb6 Rb8 23. Bg4 d4 24. Qb3 1-0

[Event "Oberliga Nord W 0304"]
[Site "Germany"]
[Date "2004.04.25"]
[Round "9.5"]
[White "Adibekian, Roubik"]
[Black "Naumann, Frank"]
[Result "0-1"]
[WhiteElo "2248"]
[BlackElo "2301"]
[PlyCount "112"]
[EventDate "2003.10.12"]
[EventType "team-tourn"]
[EventRounds "9"]
[EventCountry "GER"]
[SourceTitle "EXT 2005"]
[Source "ChessBase"]
[SourceDate "2004.11.15"]
[SourceVersion "1"]
[SourceVersionDate "2004.11.15"]
[SourceQuality "1"]
[WhiteTeam "Hannover PSC"]
[BlackTeam "Werder Bremen II"]
[WhiteTeamCountry "GER"]
[BlackTeamCountry "GER"]

1. d4 c5 2. d5 e6 3. c4 exd5 4. cxd5 d6 5. Nc3 g6 6. e4 Bg7 7. Nf3 Nf6 8. Be2 Bg4 9. 0-0 0-0 10. h3 Bxf3 11. Bxf3 Nbd7 12. a4 a6 13. Qc2 Ne8 14. Be3 Nc7 15. a5 Nb5 16. Rfd1 Nd4 17. Bxd4 Bxd4 18. Ne2 Bg7 19. Nc3 Re8 20. g3 Rb8 21. Kg2 Kh8 22. Be2 Bd4 23. f4 g5 24. f5 Qf6 25. Rab1 Ne5 26. Na4 Nd7 27. b4 Rec8 28. b5 axb5 29. Rxb5 Qe5 30. Rdb1 Nf6 31. Bf3 h5 32. g4 hxg4 33. hxg4 Kg7 34. Rh1 Rh8 35. Rbb1 Qf4 36. Qe2 Be5 37. Rbg1 Nxd5 38. exd5 Qxa4 39. Qd2 f6 40. Rh5 Rxh5 41. gxh5 Qh4 42. Kf1 Qh3+ 43. Qg2 Qxf5 44. Qg4 Qxg4 45. Rxg4 Ra8 46. Ra4 f5 47. Be2 g4 48. Ra3 Kh6 49. Rb3 Rxa5 50. Rxb7 Kxh5 51. Bd3 Ra3 52. Ke2 f4 53. Rb8 Ra2+ 54. Kd1 Kh4 55. Rg8 f3 56. Rf8 Kg3 0-1

[Event "BL2-Nord 0203"]
[Site "Germany"]
[Date "2003.02.23"]
[Round "7.4"]
[White "Naumann, Frank"]
[Black "Boetzer, Detlef"]
[Result "1/2-1/2"]
[WhiteElo "2304"]
[BlackElo "2267"]
[PlyCount "137"]
[EventDate "2002.10.20"]
[EventType "team-tourn"]
[EventRounds "9"]
[EventCountry "GER"]
[SourceTitle "EXT 2004"]
[Source "ChessBase"]
[SourceDate "2003.11.25"]
[SourceVersion "1"]
[SourceVersionDate "2003.11.25"]
[SourceQuality "1"]
[WhiteTeam "Werder Bremen II"]
[BlackTeam "Berlin Rotation"]
[WhiteTeamCountry "GER"]
[BlackTeamCountry "GER"]

1. d4 d5 2. Nf3 c6 3. g3 Nf6 4. Bg2 Bg4 5. 0-0 e6 6. Ne5 Bh5 7. c4 Nbd7 8. Nc3 Be7 9. Bf4 0-0 10. Nxd7 Nxd7 11. cxd5 exd5 12. Qb3 Qb6 13. Qxb6 Nxb6 14. h3 Rfe8 15. g4 Bg6 16. Rfd1 Bb4 17. e3 Nc4 18. a3 Bf8 19. Ra2 a5 20. Rc1 a4 21. Nd1 h5 22. Bc7 hxg4 23. hxg4 f6 24. Bf4 Be4 25. Bxe4 Rxe4 26. Nc3 Ree8 27. Rc2 Kf7 28. Ra1 Be7 29. Re1 Bd8 30. Ree2 Ba5 31. Rc1 Bxc3 32. Rxc3 g5 33. Bg3 Re7 34. f3 Ra5 35. Kf2 Rb5 36. Rcc2 Rb3 37. e4 Rd3 38. exd5 cxd5 39. Rxe7+ Kxe7 40. Ke2 Rb3 41. Be1 Nxb2 42. Bb4+ Kd7 43. Rc5 Nd3 44. Rxd5+ Kc7 45. Rb5 Nxb4 46. axb4 a3 47. Ra5 Rxb4 48. Rxa3 Rxd4 49. Ke3 Rd6 50. Rc3+ Kd7 51. Rb3 b6 52. f4 gxf4+ 53. Kxf4 Kc6 54. Ke4 b5 55. Rb1 Kb6 56. Ke3 Kc5 57. Rc1+ Kd5 58. Rd1+ Ke5 59. Rb1 Rd5 60. Rb4 Ke6 61. Rb1 Re5+ 62. Kf4 Kd6 63. Rd1+ Kc6 64. Rc1+ Kb6 65. Rb1 Rc5 66. Ke3 Ka5 67. Ra1+ Kb4 68. Ra6 Rg5 69. Kf4 1/2-1/2

[Event "BL2-Nord 0203"]
[Site "Germany"]
[Date "2002.10.20"]
[Round "1.4"]
[White "Fish, Gennadij"]
[Black "Naumann, Frank"]
[Result "1-0"]
[WhiteElo "2500"]
[BlackElo "2304"]
[PlyCount "49"]
[EventDate "2002.10.20"]
[EventType "team-tourn"]
[EventRounds "9"]
[EventCountry "GER"]
[SourceTitle "CBM 091"]
[Source "ChessBase"]
[SourceDate "2002.11.12"]
[SourceVersion "1"]
[SourceVersionDate "2002.11.12"]
[SourceQuality "1"]
[WhiteTeam "Bremer SG"]
[BlackTeam "Werder Bremen II"]
[WhiteTeamCountry "GER"]
[BlackTeamCountry "GER"]

1. d4 d5 2. c4 dxc4 3. e3 Nf6 4. Bxc4 e6 5. Nf3 c5 6. 0-0 a6 7. a4 Nc6 8. Qe2 Qc7 9. Nc3 Bd6 10. Rd1 0-0 11. h3 b6 12. d5 exd5 13. Bxd5 Bb7 14. e4 Rfe8 15. Bg5 Nd4 16. Nxd4 Nxd5 17. Nxd5 Bxd5 18. Nf5 Rxe4 19. Qd3 Bh2+ 20. Kh1 Bb7 21. f3 Re6 22. Bd8 Qf4 23. Ne7+ Kh8 24. Qd7 g5 25. Qxb7 1-0

[Event "Oberliga Nord W 0102"]
[Site "Germany"]
[Date "2002.04.14"]
[Round "8.3"]
[White "Karges, Dieter"]
[Black "Naumann, Frank"]
[Result "0-1"]
[WhiteElo "2224"]
[BlackElo "2294"]
[PlyCount "112"]
[EventDate "2001.10.07"]
[EventType "team-tourn"]
[EventRounds "9"]
[EventCountry "GER"]
[SourceTitle "EXT 2003"]
[Source "ChessBase"]
[SourceDate "2002.11.25"]
[SourceVersion "1"]
[SourceVersionDate "2002.11.25"]
[SourceQuality "1"]
[WhiteTeam "Braunschweig SF"]
[BlackTeam "Werder Bremen II"]
[WhiteTeamCountry "GER"]
[BlackTeamCountry "GER"]

1. d4 d5 2. Nf3 Nf6 3. e3 e6 4. c4 dxc4 5. Bxc4 a6 6. 0-0 b5 7. Be2 Bb7 8. a4 b4 9. Nbd2 Nbd7 10. Nb3 Be7 11. Bd2 Ne4 12. Rc1 Bd5 13. Qc2 0-0 14. Bc4 Bd6 15. Bxd5 exd5 16. Na5 Qb8 17. Nc6 Qb7 18. a5 b3 19. Qd3 Rfe8 20. Rfd1 Re6 21. h3 Rae8 22. Be1 f5 23. Nce5 c5 24. Nxd7 c4 25. Qe2 Qxd7 26. Ne5 Qb5 27. f3 Nf6 28. Bc3 Nd7 29. Qd2 Rd8 30. Nxd7 Rxd7 31. f4 Rde7 32. Re1 Qe8 33. Kf2 g5 34. g3 Qh5 35. Qd1 Qxh3 36. Rh1 Qg4 37. Rh5 gxf4 38. gxf4 Qxd1 39. Rxd1 Rf7 40. Rg1+ Rg6 41. Rgg5 Rxg5 42. fxg5 Rb7 43. Rh6 Bb4 44. Bxb4 Rxb4 45. Rc6 Ra4 46. Kf3 Rxa5 47. Kf4 Rb5 48. Kxf5 Rb8 49. Ke6 a5 50. e4 a4 51. exd5 a3 52. d6 axb2 53. d7 b1Q 54. Rc8+ Kg7 55. Rxb8 Qe4+ 56. Kd6 Qf4+ 0-1

[Event "Oberliga Nord W 0001"]
[Site "Germany"]
[Date "2001.03.11"]
[Round "7.1"]
[White "Naumann, Frank"]
[Black "Lange, Helmut"]
[Result "1-0"]
[WhiteElo "2308"]
[BlackElo "2209"]
[PlyCount "111"]
[EventDate "2000.10.15"]
[EventType "team-tourn"]
[EventRounds "9"]
[EventCountry "GER"]
[SourceTitle "EXT 2003"]
[Source "ChessBase"]
[SourceDate "2002.11.25"]
[SourceVersion "1"]
[SourceVersionDate "2002.11.25"]
[SourceQuality "1"]
[WhiteTeam "Hannover SV"]
[BlackTeam "Bremen Nord"]
[WhiteTeamCountry "GER"]
[BlackTeamCountry "GER"]

1. d4 d5 2. c4 e6 3. Nf3 Nf6 4. Nc3 Be7 5. Bf4 0-0 6. e3 c6 7. Qc2 Nbd7 8. h3 dxc4 9. Bxc4 b6 10. 0-0 Bb7 11. e4 Re8 12. Rad1 Qc8 13. Rfe1 Nf8 14. Bg5 h6 15. Bh4 Ng6 16. Bg3 b5 17. Bd3 b4 18. e5 bxc3 19. exf6 Bxf6 20. Bxg6 fxg6 21. bxc3 c5 22. Ne5 Bxe5 23. Bxe5 Qc6 24. Qxg6 Re7 25. Rd3 Qe8 26. Qxe8+ Raxe8 27. Bd6 c4 28. Rde3 Rd7 29. Be5 Bd5 30. Rb1 Ree7 31. Ree1 Rb7 32. f3 Red7 33. Kf2 Kf7 34. Ke3 g5 35. g3 Kg6 36. f4 Bg2 37. fxg5 hxg5 38. h4 Rf7 39. hxg5 Rf3+ 40. Kd2 Rf2+ 41. Ke3 Rf3+ 42. Ke2 Rbf7 43. Bf6 Rxg3 44. Kd2 Rd3+ 45. Kc2 Bd5 46. Rb8 Rh7 47. Re2 Bf3 48. Rf2 Be4 49. Kb2 Rd1 50. Rg8+ Kf7 51. Rc8 Rb1+ 52. Ka3 Bd3 53. Be5+ Kg6 54. Rg8+ Kh5 55. g6 Rhb7 56. g7 1-0

[Event "Oberliga Nord W 0001"]
[Site "Germany"]
[Date "2000.11.12"]
[Round "2.2"]
[White "Naumann, Frank"]
[Black "Hermann, Manfred"]
[Result "1/2-1/2"]
[WhiteElo "2308"]
[BlackElo "2351"]
[PlyCount "53"]
[EventDate "2000.10.15"]
[EventType "team-tourn"]
[EventRounds "9"]
[EventCountry "GER"]
[SourceTitle "EXT 2003"]
[Source "ChessBase"]
[SourceDate "2002.11.25"]
[SourceVersion "1"]
[SourceVersionDate "2002.11.25"]
[SourceQuality "1"]
[WhiteTeam "Hannover SV"]
[BlackTeam "Oldenburg Union"]
[WhiteTeamCountry "GER"]
[BlackTeamCountry "GER"]

1. d4 d5 2. c4 c6 3. Nf3 Nf6 4. Nc3 dxc4 5. e4 b5 6. e5 Nd5 7. a4 e6 8. axb5 Nxc3 9. bxc3 cxb5 10. Ng5 Bb7 11. Qh5 g6 12. Qg4 Be7 13. Be2 Bd5 14. Ne4 h5 15. Qf4 a5 16. Bf3 Nd7 17. 0-0 Nb6 18. Re1 b4 19. cxb4 axb4 20. Rxa8 Bxa8 21. Nd6+ Bxd6 22. Bxa8 Be7 23. Bc6+ Kf8 24. d5 Nxd5 25. Qxc4 Kg7 26. Bb2 Nc3 27. Bxc3 1/2-1/2

[Event "Oberliga Nord W 9900"]
[Site "Germany"]
[Date "2000.03.26"]
[Round "8.4"]
[White "Karwatt, Lothar"]
[Black "Naumann, Frank"]
[Result "1/2-1/2"]
[WhiteElo "2223"]
[BlackElo "2275"]
[PlyCount "81"]
[EventDate "1999.10.??"]
[EventType "team-tourn"]
[EventRounds "9"]
[EventCountry "GER"]
[SourceTitle "EXT 2003"]
[Source "ChessBase"]
[SourceDate "2002.11.25"]
[SourceVersion "1"]
[SourceVersionDate "2002.11.25"]
[SourceQuality "1"]
[WhiteTeam "Goettingen"]
[BlackTeam "Hannover SV"]
[WhiteTeamCountry "GER"]
[BlackTeamCountry "GER"]

1. d4 g6 2. Nf3 Bg7 3. c4 f5 4. g3 Nf6 5. Bg2 0-0 6. 0-0 d6 7. d5 a5 8. Nc3 Na6 9. Rb1 Nc5 10. Be3 b6 11. Bd4 Bd7 12. b3 e5 13. dxe6 Nxe6 14. Nd5 Nxd4 15. Nxd4 Ne4 16. Qd3 c6 17. Nf4 Qe8 18. e3 Rd8 19. Rbd1 g5 20. Nfe2 c5 21. Nb5 Bxb5 22. cxb5 d5 23. a4 Kh8 24. f3 Nf6 25. Rfe1 Rd6 26. Nc3 Qd7 27. e4 fxe4 28. Nxe4 Nxe4 29. fxe4 Bd4+ 30. Kh1 dxe4 31. Qxe4 Rdf6 32. Rf1 Rxf1+ 33. Rxf1 Rxf1+ 34. Bxf1 Qf7 35. Bc4 Qf2 36. Qg2 Qe1+ 37. Qf1 Qe7 38. Qe2 Qf6 39. Qf1 Qe7 40. Qe2 Qf8 41. Qf1 1/2-1/2

[Event "Oberliga Nord W 9900"]
[Site "Germany"]
[Date "2000.01.09"]
[Round "4.4"]
[White "Steffens, Olaf"]
[Black "Naumann, Frank"]
[Result "0-1"]
[WhiteElo "2285"]
[BlackElo "2275"]
[PlyCount "124"]
[EventDate "1999.10.??"]
[EventType "team-tourn"]
[EventRounds "9"]
[EventCountry "GER"]
[SourceTitle "EXT 2003"]
[Source "ChessBase"]
[SourceDate "2002.11.25"]
[SourceVersion "1"]
[SourceVersionDate "2002.11.25"]
[SourceQuality "1"]
[WhiteTeam "Bremer SG"]
[BlackTeam "Hannover SV"]
[WhiteTeamCountry "GER"]
[BlackTeamCountry "GER"]

1. e4 g6 2. h4 Bg7 3. h5 c5 4. Nf3 Nc6 5. Nc3 d6 6. Bc4 a6 7. a4 gxh5 8. Rxh5 Nf6 9. Rh4 h5 10. d4 Bg4 11. dxc5 Qa5 12. cxd6 Nxe4 13. d7+ Kf8 14. Bd2 Nxc3 15. bxc3 Rd8 16. Kf1 Rxd7 17. Qe1 Bf6 18. Rh1 Bxf3 19. gxf3 Qf5 20. Qe2 Ne5 21. Rd1 h4 22. Bb3 h3 23. Qe4 Qxf3 24. Bh6+ Ke8 25. Qxf3 Nxf3 26. Rxd7 Kxd7 27. Rxh3 Nd2+ 28. Kg2 Nxb3 29. cxb3 Bxc3 30. Rd3+ Ke8 31. Bf4 Bf6 32. Bc7 Kf8 33. Rd7 Rh4 34. Ba5 b5 35. axb5 axb5 36. Rd5 b4 37. Rb5 Bc3 38. Kf3 f6 39. Ke3 Kf7 40. Rb7 Bd4+ 41. Kd3 Bc5 42. f3 Rh3 43. Ke4 f5+ 44. Kxf5 Rxf3+ 45. Ke4 Rxb3 46. Kd5 Bd6 47. Bc7 Bxc7 48. Rxc7 Rd3+ 49. Ke5 Rh3 50. Rb7 Rh5+ 51. Kf4 Rh1 52. Rb6 Rb1 53. Ke4 b3 54. Kf3 e6 55. Rb7+ Kf6 56. Rb5 e5 57. Rb6+ Kf5 58. Rb8 b2 59. Kg2 e4 60. Rb5+ Ke6 61. Rb6+ Kd5 62. Rb4 e3 0-1

[Event "Oberliga Nord W 9900"]
[Site "Germany"]
[Date "1999.10.10"]
[Round "1.4"]
[White "Winkelmann, Andreas"]
[Black "Naumann, Frank"]
[Result "0-1"]
[WhiteElo "2185"]
[BlackElo "2275"]
[PlyCount "68"]
[EventDate "1999.10.??"]
[EventType "team-tourn"]
[EventRounds "9"]
[EventCountry "GER"]
[SourceTitle "EXT 2003"]
[Source "ChessBase"]
[SourceDate "2002.11.25"]
[SourceVersion "1"]
[SourceVersionDate "2002.11.25"]
[SourceQuality "1"]
[WhiteTeam "Buxtehude"]
[BlackTeam "Hannover SV"]
[WhiteTeamCountry "GER"]
[BlackTeamCountry "GER"]

1. e4 g6 2. d4 c5 3. Nf3 Bg7 4. c3 cxd4 5. cxd4 d5 6. e5 Bg4 7. Be2 Nc6 8. Nc3 Nh6 9. Bxh6 Bxh6 10. 0-0 e6 11. Qa4 Qb6 12. Nb5 0-0 13. Rfd1 a6 14. Nd6 Qxb2 15. Kf1 b5 16. Qb3 Qxb3 17. axb3 Bxf3 18. Bxf3 Rfb8 19. Be2 Bf8 20. Ra2 Nb4 21. Ra5 Bxd6 22. exd6 Rb6 23. f4 Rd8 24. Raa1 Rdxd6 25. Rd2 Rdc6 26. g3 Rc3 27. Rb1 Rbc6 28. Kf2 Kf8 29. Bd1 Ke7 30. Ke2 h5 31. Kf2 Kd6 32. Be2 Rc2 33. Rb2 Rxb2 34. Rxb2 Nc2 0-1

[Event "Oberliga Nord W 9798"]
[Site "Germany"]
[Date "1997.11.09"]
[Round "2.1"]
[White "Naumann, Frank"]
[Black "Mossakowski, Florian"]
[Result "0-1"]
[WhiteElo "2265"]
[BlackElo "2175"]
[PlyCount "136"]
[EventDate "1997.10.??"]
[EventType "team-tourn"]
[EventRounds "9"]
[EventCountry "GER"]
[SourceTitle "EXT 2003"]
[Source "ChessBase"]
[SourceDate "2002.11.25"]
[SourceVersion "1"]
[SourceVersionDate "2002.11.25"]
[SourceQuality "1"]
[WhiteTeam "Hannover SV"]
[BlackTeam "Hannover Post"]
[WhiteTeamCountry "GER"]
[BlackTeamCountry "GER"]

1. Nf3 Nf6 2. c4 e6 3. g3 d5 4. Bg2 Be7 5. 0-0 0-0 6. b3 c5 7. Bb2 Nc6 8. cxd5 exd5 9. d4 Bg4 10. Ne5 cxd4 11. Nxg4 Nxg4 12. e3 Nf6 13. exd4 Re8 14. Nc3 Qd7 15. Qd3 Bb4 16. Rad1 Re7 17. Bc1 h6 18. a3 Bxc3 19. Qxc3 Rae8 20. Qd3 Ne4 21. Be3 Qf5 22. b4 h5 23. Bd2 a6 24. a4 h4 25. b5 axb5 26. axb5 Nd8 27. Bb4 Re6 28. f3 Nd6 29. Qxf5 Nxf5 30. Bh3 Ne3 31. Bxe6 Nxe6 32. gxh4 Nxd1 33. Rxd1 Rc8 34. Bd6 b6 35. h5 Kh7 36. f4 Rc4 37. Be5 f6 38. Bb8 Nxd4 39. Ba7 Nxb5 40. Bxb6 Nc3 41. Rd2 Rxf4 42. Kg2 Rf5 43. Rd3 Ne2 44. Bc7 Kh6 45. Rd2 Nc3 46. Rd3 Ne4 47. Bb6 Kxh5 48. Rh3+ Kg6 49. Rh8 Ng5 50. Rd8 Ne6 51. Rd7 Re5 52. Kf3 Kf5 53. Ba7 g5 54. Bb8 Nc5 55. Rd8 g4+ 56. Kg3 Re3+ 57. Kf2 Rd3 58. Ke2 Ne6 59. Rd7 Rb3 60. Bg3 Ke4 61. Re7 Rb2+ 62. Kd1 Rb6 63. Be1 Kd3 64. Bd2 f5 65. Ra7 Rb1+ 66. Bc1 Nd4 67. Rd7 Nb3 68. Rxd5+ Ke4 0-1

[Event "Oberliga Nord W 9697"]
[Site "Germany"]
[Date "1997.04.13"]
[Round "8.2"]
[White "Naumann, Frank"]
[Black "Sawatzki, Frank"]
[Result "0-1"]
[WhiteElo "2280"]
[BlackElo "2275"]
[PlyCount "80"]
[EventDate "1996.10.??"]
[EventType "team-tourn"]
[EventRounds "9"]
[EventCountry "GER"]
[SourceTitle "EXT 2003"]
[Source "ChessBase"]
[SourceDate "2002.11.25"]
[SourceVersion "1"]
[SourceVersionDate "2002.11.25"]
[SourceQuality "1"]
[WhiteTeam "Hannover SV"]
[BlackTeam "Goettingen"]
[WhiteTeamCountry "GER"]
[BlackTeamCountry "GER"]

1. d4 Nf6 2. Nf3 g6 3. g3 Bg7 4. Bg2 0-0 5. 0-0 d6 6. a4 a5 7. Nc3 Na6 8. e4 c6 9. h3 Nb4 10. Bf4 Nh5 11. Bg5 f6 12. Be3 e5 13. Qe2 Qe7 14. Rad1 Be6 15. d5 Bf7 16. Qd2 cxd5 17. Nxd5 Nxd5 18. exd5 f5 19. Rfe1 Be8 20. b3 Bd7 21. c4 Rae8 22. Kh2 f4 23. Bb6 fxg3+ 24. fxg3 e4 25. Bd4 Bxd4 26. Qxd4 Ng7 27. Nd2 e3 28. Ne4 Nf5 29. Qc3 b6 30. Re2 h5 31. Rde1 Rf7 32. Kg1 Ref8 33. h4 Bc8 34. Ng5 Rf6 35. Kh2 Nh6 36. Kg1 Ng4 37. Qd4 Rf5 38. Qxb6 Rf2 39. Ne4 Rxg2+ 40. Rxg2 Qxe4 0-1

[Event "Oberliga Nord W 9697"]
[Site "Germany"]
[Date "1997.03.02"]
[Round "7.2"]
[White "Doescher, Arne"]
[Black "Naumann, Frank"]
[Result "0-1"]
[WhiteElo "2170"]
[BlackElo "2280"]
[PlyCount "116"]
[EventDate "1996.10.??"]
[EventType "team-tourn"]
[EventRounds "9"]
[EventCountry "GER"]
[SourceTitle "EXT 2003"]
[Source "ChessBase"]
[SourceDate "2002.11.25"]
[SourceVersion "1"]
[SourceVersionDate "2002.11.25"]
[SourceQuality "1"]
[WhiteTeam "Bremen Nord"]
[BlackTeam "Hannover SV"]
[WhiteTeamCountry "GER"]
[BlackTeamCountry "GER"]

1. d4 Nf6 2. c4 e6 3. Nc3 Bb4 4. e3 b6 5. Nge2 Ne4 6. Bd2 Nxd2 7. Qxd2 Bb7 8. a3 Be7 9. e4 0-0 10. Ng3 d5 11. Rd1 dxe4 12. Ngxe4 f5 13. Ng3 c5 14. d5 e5 15. Be2 Bd6 16. 0-0 Na6 17. f4 e4 18. Rf2 Nc7 19. Nf1 Qe7 20. Ne3 Rae8 21. Rdf1 Bc8 22. Nb5 Nxb5 23. cxb5 Bb7 24. Qc2 Rd8 25. g3 Qf6 26. Rd1 Rf7 27. Bf1 Rfd7 28. a4 g6 29. Qb3 Kh8 30. Qc3 Be7 31. Bc4 Qg7 32. Qxg7+ Kxg7 33. Rfd2 Bf6 34. Kf2 Bd4 35. Ke2 Kf6 36. Bb3 g5 37. fxg5+ Kxg5 38. Bc4 Kf6 39. Bb3 Bxe3 40. Kxe3 Ke5 41. d6 Rxd6 42. Rxd6 Rxd6 43. Rxd6 Kxd6 44. Bg8 h6 45. Kf4 Bc8 46. h3 Be6 47. Bh7 Kd5 48. g4 fxg4 49. Bxe4+ Kd4 50. h4 g3 51. Bc6 Kc4 52. Kxg3 Kb3 53. Kf4 Kxb2 54. Ke5 Bg4 55. Kd6 Kb3 56. a5 bxa5 57. Kxc5 a4 58. Bd5+ Kb2 0-1

[Event "Oberliga Nord W 9697"]
[Site "Germany"]
[Date "1997.01.12"]
[Round "4.2"]
[White "Naumann, Frank"]
[Black "Mende, Andreas"]
[Result "0-1"]
[WhiteElo "2280"]
[BlackElo "2220"]
[PlyCount "72"]
[EventDate "1996.10.??"]
[EventType "team-tourn"]
[EventRounds "9"]
[EventCountry "GER"]
[SourceTitle "EXT 2003"]
[Source "ChessBase"]
[SourceDate "2002.11.25"]
[SourceVersion "1"]
[SourceVersionDate "2002.11.25"]
[SourceQuality "1"]
[WhiteTeam "Hannover SV"]
[BlackTeam "Braunschweig SF"]
[WhiteTeamCountry "GER"]
[BlackTeamCountry "GER"]

1. d4 Nf6 2. c4 g6 3. Nc3 Bg7 4. e4 d6 5. f4 0-0 6. Nf3 c5 7. d5 e6 8. Be2 exd5 9. cxd5 Re8 10. Nd2 Bd7 11. a4 Na6 12. 0-0 Nb4 13. Bf3 h5 14. h3 Ng4 15. Nc4 Bd4+ 16. Kh1 Qh4 17. Ne2 Nf2+ 18. Rxf2 Bxf2 19. Ng1 Qf6 20. Ne2 b5 21. axb5 Bxb5 22. Na3 Bd3 23. Nc3 Rab8 24. Qa4 a6 25. Bd2 Re7 26. Qa5 Bd4 27. Re1 Qh4 28. Nd1 Ree8 29. Kh2 Bf2 30. Nxf2 Qxf2 31. Bc3 Re7 32. e5 Bf5 33. Rd1 Nd3 34. exd6 Re3 35. Qc7 Rf8 36. d7 Rxf3 0-1